Responses for Show #6741 - Monday, December 30, 2013

Jerry Slowik game 3.

Contestants

[<< previous game]

Alexis Browsh, a teacher and tutor from Bryn Mawr, Pennsylvania

Armen Terjimanian, a web content producer originally from Troy, Michigan

Jerry Slowik, a writer from Arlington Heights, Illinois (whose 2-day cash winnings total $49,998)

[next game >>]

Jeopardy! Round responses

FLYERS & FLYING
CALIFORNIA FOOD FESTIVALS
HIGH-SCORING SCRABBLE WORDS
THE 1970s
LOCO FOR LOGOS
"HAPPY" HOUR
    $200 15
trans-Atlantic

Alexis
    $200 26
avocado

Alexis
    $200 1
a flapjack

Armen
    $200 2
55

Jerry
    $200 16
Starbucks

Armen
    $200 6
Happy Days

Jerry
    $400 22
the Wright Brothers

Alexis
    $400 27
the clam

Jerry
    $400 11
equalize

Alexis
    $400 3
Chrysler

Armen
    $400 17
Qantas

Armen
    $400 7
Happy Gilmore

Jerry
    $600 23
(Amelia) Earhart

Armen
    $600 28
garlic

Triple Stumper
    $600 12
quixotic

Jerry
    $600 4
the Pentagon Papers

Jerry
    $600 18
Playboy

Jerry
    $600 8
a happy face

Alexis
    $800 24
Howard Hughes

Armen
    $1,400 29
salsa

Jerry
    $800 13
oxidized

Jerry
    $800 5
Proposition 13

Triple Stumper
    $800 19
Twitter

Jerry
    $800 9
The Pursuit of Happyness

Armen
    $1000 25
helium

Jerry
    $1000 30
watermelon

Jerry
    $1000 14
(Jerry: What is zoology?)

zoologic

Jerry
Triple Stumper
    $1000 21
(Armen: What is Vietnam?)

Cambodia

Armen
Triple Stumper
    $1000 20
Ferrari

Armen
    $1000 10
"Happy Together"

Jerry

Scores at the first commercial break (after clue 14):

Jerry Armen Alexis
$2,800 $1,400 $1,000

Scores at the end of the Jeopardy! Round:

Jerry Armen Alexis
$8,000 $3,400 $1,800

Double Jeopardy! Round responses

GENEALOGY
GREEK ISLANDS
BIOGRAPHY SUBJECTS
MOVIE COMEDY
"CO" DEPENDENT
GRIMM, GRIM
    $400 21
the Census

Jerry
    $400 16
Icarus

Alexis
    $400 6
George Washington Carver

Alexis
    $400 1
Blazing Saddles

Jerry
    $400 11
(Jerry: What is co-worker?)

cooperate

JerryAlexis
    $400 24
Cinderella

Alexis
    $800 22
cousin

Alexis
    $800 17
Onassis

Alexis
    $2,200 7
(Alexis: Who was Columbus?)

Henry Morton Stanley

Alexis
    $800 2
Harpo Marx

Jerry
    $800 12
covert

Jerry
    $800 25
Rumplestiltskin

Jerry
    $1200 23
Who Do You Think You Are?

Triple Stumper
    $1200 18
Crete

Jerry
    $1200 8
Alfred Hitchcock

Jerry
    $1200 3
Identity Thief

Jerry
    $1200 13
coquette

Jerry
    $1200 26
(Jerry: Who is Little Red Riding Hood?)

Snow White

JerryAlexis
    $1600 29
John Burke

Triple Stumper
    $1600 19
Lesbos

Jerry
    $1600 9
(Joseph) Heller

Jerry
    $1600 4
Some Like it Hot

Jerry
    $1600 14
(Jerry: What is copper?)

cobalt

JerryArmen
    $1600 27
(Alexis: What is Little Red Riding Hood?)

wolves

ArmenAlexis
    $2,000 30
ancestry.com

Jerry
    $2000 20
Rhodes

Triple Stumper
    $2000 10
Martin Luther

Triple Stumper
    $2000 5
Dumb and Dumber

Armen
    $2000 15
coefficient

Armen
    $2000 28
Rapunzel

Jerry

Scores at the end of the Double Jeopardy! Round:

Jerry Armen Alexis
$21,600 $10,600 $2,400
(lock game)

[wagering suggestions for these scores]

Final Jeopardy! Round responses

WORD ORIGINS
AlexisWhat is no comprende
$2,000
ArmenWhat is no lo contendre
$5,000
JerryWhat is ignoramus?
$302
ignoramus

Final scores:

Jerry Armen Alexis
$21,902 $5,600 $400
3-day champion: $71,900 2nd place: $2,000 3rd place: $1,000

Game dynamics:

Coryat scores:

Jerry Armen Alexis
$21,000 $10,600 $4,600
27 R
(including 2 DDs),
4 W
12 R,
1 W
12 R,
2 W
(including 1 DD)

Combined Coryat: $36,200

[game clues] [game scores] [suggest correction]

Game tape date: 2013-10-09
The J! Archive is created by fans, for fans. Scraping, republication, monetization, and malicious use prohibited; this site may use cookies and collect identifying information. See terms. The Jeopardy! game show and all elements thereof, including but not limited to copyright and trademark thereto, are the property of Jeopardy Productions, Inc. and are protected under law. This website is not affiliated with, sponsored by, or operated by Jeopardy Productions, Inc. Join the discussion at JBoard.tv.